The big band almanac /

Sábháilte in:
Sonraí bibleagrafaíochta
Príomhchruthaitheoir: Walker, Leo
Formáid: LEABHAR
Teanga:Béarla
Foilsithe / Cruthaithe: Pasadena : Ward Ritchie, 1978
Clibeanna: Cuir clib leis
Níl clibeanna ann, Bí ar an gcéad duine le clib a chur leis an taifead seo!

MARC

LEADER 00000nam a22000007i 4500
001 IT\ICCU\UBO\3818667
003 ItRI
005 20260115231816.0
008 101006s1978 xxu|||||| ||||| |||||c
020 |b (ERR)  |z 0378019910  |b (ERR) 
040 |b ita  |c importazione bologna sebina 
041 7 |a eng  |2 ISO-639-2 
100 1 |a Walker, Leo  |0 IT\ICCU\UBOV\377310 
245 1 4 |a The big band almanac /  |c Leo Walker. 
260 |a Pasadena :  |b Ward Ritchie,  |c 1978 
300 |a 466 p. :  |b ill. ;  |c 25 cm 
500 |a Sulla cop.: introductions by Harry James and Les Brown. 
942 |2 ddc  |c BK  |n 0 
952 |0 0  |1 0  |4 0  |6 DOC_785_092000000000000_WAL  |7 0  |9 13180  |a BO  |b BO  |d 2026-01-15  |i 14157  |l 0  |o DOC 785.092 WAL  |p BO14157  |r 2026-01-15 23:18:16  |w 2026-01-15  |x [Sebina 5] [1 v.]  |y BK  |z 1 v. 
999 |c 11306  |d 11306